000 00565nam a2200169 a 4500
003 OSt
005 20201202144824.0
008 180706s2008 000 spa d
020 _a854607
040 _aDO-SdBNP
_bspa
_cBNPHU
100 1 _aMonclús, Miguel Ángel,
_d1893-1967.
_933192
245 1 0 _aAlgunos datos históricos de San Juan de la Maguana /
_cMiguel Ángel Monclús.
260 _aSanto Domingo :
_bEditora Formación,
_c2008.
300 _a48 p. ;
_c21 cm.
500 _aIncluye datos biográficos del autor en la contracubierta.
942 _2ddc
_cLBS1
999 _c47126
_d47126